00719nam a2200241 a 4500001001300000003000900013005001700022008004100039020001000080082001300090100001900103245005100122260004300173300000900216500003500225505001000260650002700270700001900297902000800316942000700324952012900331999001700460nice12345678IN_TiNIC20260116014513.0090129s2008 boma grp 000 0 eng  ac37500a954bNUR aNurul Hasan, S aReligion, State, and Society in Medieval India aBombay bOxford University Pressc2008 a335p aincludes index and biblioraphy2 aindex aHistory-India-medieval1 aNurul Hasan, S bSRS cBK 001040708StackRoom-aHMIbHMId2010-12-22g375.00l3m1o954 NURp022661r2025-01-16s2024-10-01v375.00w2009-01-29yBK c15663d15663